| 000 | 00537nam a2200205 a 4500 | ||
|---|---|---|---|
| 001 | 2352525 | ||
| 005 | 20180308084228.0 | ||
| 008 | 831013s1984 nyua 000 0 eng | ||
| 010 | _a 83063021 | ||
| 020 |
_a068802632X : _c$15.00 |
||
| 040 |
_aDLC _cDLC _dDLC |
||
| 041 | _aeng | ||
| 080 | _a658 BLA | ||
| 082 | 0 | 0 |
_a658 BLA _219 |
| 100 | 1 | _a54 | |
| 101 | _aMEN | ||
| 245 | 1 | 0 |
_aPutting the one minute manager to work / _cKenneth Blanchard, Robert Lorber. |
| 906 |
_a7 _bcbc _corignew _d3 _eopcn _f19 _gy-gencatlg |
||
| 942 |
_2ddc _cBK |
||
| 999 |
_c44503 _d44503 |
||